Quyền trí Trung Hoa; T1

Cuốn sách có nội dung tương đồng với cuốn ' Mưu lược người xưa ' của Triệu Quốc Khoa

Αποθηκεύτηκε σε:
Λεπτομέρειες βιβλιογραφικής εγγραφής
Κύριος συγγραφέας: Lãnh Thành Kim
Μορφή: Βιβλίο
Γλώσσα:Undetermined
Έκδοση: Hà Nội VHTT 1997
Θέματα:
Ετικέτες: Προσθήκη ετικέτας
Δεν υπάρχουν, Καταχωρήστε ετικέτα πρώτοι!
Thư viện lưu trữ: Trung tâm Học liệu Trường Đại học Cần Thơ
LEADER 00653nam a2200181Ia 4500
001 CTU_27481
008 210402s9999 xx 000 0 und d
082 |a 158 
082 |b K310/T 
100 |a Lãnh Thành Kim 
245 0 |a Quyền trí Trung Hoa; T1 
245 0 |c Lãnh Thành Kim, Ông Văn Tùng, Nguyễn Đắc Thanh 
260 |a Hà Nội 
260 |b VHTT 
260 |c 1997 
520 |a Cuốn sách có nội dung tương đồng với cuốn ' Mưu lược người xưa ' của Triệu Quốc Khoa 
650 |a psychology, applied 
980 |a Trung tâm Học liệu Trường Đại học Cần Thơ